书目信息 |
| 题名: |
四体大字典
|
|
| 作者: | ;《四体大字典》编辑组 | |
| 分册: | 上 | |
| 出版信息: | 北京 中国书店 1980 |
|
| 页数: | 2册(2074页) | |
| 开本: | 20cm | |
| 丛书名: | ||
| 单 册: | ||
| 中图分类: | J292.3-61 | |
| 科图分类: | ||
| 主题词: | 法书--中国--字典 | |
| 电子资源: | ||
| ISBN: | 7-80568-064-7 | |
| 000 | 00733nam0 2200241 450 | |
| 001 | 0100598272 | |
| 005 | 20241122164025.83 | |
| 010 | @a7-80568-064-7@b精装@dCNY59.00 | |
| 011 | @a7-80568-064-7 | |
| 100 | @a19971021e19951980emky0chiy0110 ea | |
| 101 | 0 | @achi |
| 102 | @aCN@b110000 | |
| 105 | @ay e 000yy | |
| 106 | @ar | |
| 200 | 1 | @a四体大字典@9Si Ti Da;Dai Zi Dian @f《四体大字典》编辑组@F《si ti da zi dian》bian ji zu@h上 |
| 205 | @a影印本 | |
| 210 | @a北京@c中国书店@d1980@h1995重印 | |
| 215 | @a2册(2074页)@d20cm | |
| 606 | 0 | @a法书@y中国@x字典 |
| 690 | @aJ292.3-61@v3 | |
| 711 | 02 | @a《四体大字典》编辑组@A《si ti da zi dian》bian ji zu |
| 801 | 0 | @aCN@bAiZhiMarc@c19971031 |
| 905 | @dJ292.3@e3:1@f1@sJ292.3/3:1@S@Z | |
| 四体大字典/《四体大字典》编辑组.上.-影印本.-北京:中国书店,1980(1995重印) |
| 2册(2074页);20cm |
| ISBN 7-80568-064-7(精装):CNY59.00 |
| ● |
| 相关链接 |
|
|
|
正题名:四体大字典
索取号:J292.3/3:1
 
预约/预借
| 序号 | 登录号 | 条形码 | 馆藏地/架位号 | 状态 | 备注 |
| 1 | 2000032812 | 2000032812 | 特藏书库/藏009架A面1层1列/ [索取号:J292.3/3:1] | 在馆 |